Profesores de Huechuraba opinan de sexualidad juvenil

Shranjeno v:
Bibliografske podrobnosti
Main Authors: Letelier, Lilian (Author), Faúndez, Alejandra (Author)
Format: Knjiga
Jezik:španščina
Izdano: Santiago Colectivo El Telar 1992
Teme:
Oznake: Označite
Brez oznak, prvi označite!

MARC

LEADER 00000nam a2200000 a 4500
001 UCY0494
003 CL-VaPUC
008 940803e19920000CL |||||||||||||||||spa|d
082 0 4 |a 306.7  |b LET  |2 21 
100 0 |a Letelier, Lilian  |e author  |9 328231 
700 0 |a Faúndez, Alejandra  |e author  |9 328232 
245 1 0 |a Profesores de Huechuraba opinan de sexualidad juvenil 
300 |a 13 h 
942 |c BK 
945 |d 19940803 00:00:00  |a rbrito 
260 |a Santiago  |b Colectivo El Telar  |c 1992 
650 0 |a Educación sexual  |9 308005 
583 |a last modification  |c 19940803 00:00:00  |k Rodrigo Vera 
999 |c 229485  |d 229483 
952 |0 0  |1 0  |4 0  |6 306_700000000000000_LET_1992  |7 0  |8 A  |9 230679  |a BIBGIM  |b BIBGIM  |d 2019-11-15  |i 3000117  |o 306.7 LET 1992  |p 3000117  |r 2025-01-15  |w 2019-11-15  |y BK  |k SSL